K problematike výskumu periodickej tlače vydávanej Slovákmi v zahraničí

Bibliographic Details
Main Author: Bartalská, Ľubica, 1943-2014 (Author)
Format: Article
Language:Slovak
PhysicalDescription:Res. angl., lit. 18 zázn. v slov., češ., angl.
Subjects:

MARC

LEADER 00000nab a2200000 a 4500
001 vtls000340937
003 SK-MaSNL
005 20260303043318.0
008 160204c1988 xo 0 slo
015 |a SNBRA19rr/mm-uuuuu 
035 |a CL0341059 
040 |a SNKBUCL  |b slo  |c SNKBUCL  |e AACR2 
041 0 |a slo 
044 |a xo  |c SK 
080 |a 323.113(=854):05  |2 1981 
080 |a 05  |2 1981 
080 |a 323.113(=854)  |2 1981 
100 1 |a Bartalská, Ľubica,  |d 1943-2014  |4 aut  |9 106026 
245 1 0 |a K problematike výskumu periodickej tlače vydávanej Slovákmi v zahraničí  |c Ľubica Bartalská 
300 |b Res. angl., lit. 18 zázn. v slov., češ., angl. 
650 0 7 |a Slováci v zahraničí  |2 snkbucl  |9 14695 
650 0 7 |a tlač periodická krajanská  |2 snkbucl  |9 1030528 
655 7 |a články zo zborníkov  |2 snkbucl  |9 166140 
773 0 |t Slováci v zahraničí 14  |d Martin : Matica slovenská, 1988  |g S. 163-170 
850 |a Slovenská národná knižnica v Martine  |a MTA001 
852 |a SNK  |b KIS3GCP 
958 |a NB 
958 |a RK 
992 |a RZB 
999 |c 1696331  |d 1698261